Polacy urodzeni na wschodzie - nagła śmierć - Statystyki

Ogólne statystyki
  • Ten quiz został rozwiązany 147 razy
  • Średni wynik to 3 z 13
Answers on the Grid
Answers color-coded by a green-red scale on the quiz's grid according to % correct below.
Adam Mickiewicz
Juliusz Słowacki
Henryk Sienkiewicz
Fryderyk Chopin
Maria Skłodowska-Curie
Stefan Żeromski
Tadeusz Kościuszko
Jan Kochanowski
Stanisław Żółkiewski
Stanisław August Poniatowski
Eliza Orzeszkowa
Cyprian Kamil Norwid
Józef Piłsudski
Roman Dmowski
Stanisław Kostka
Maria Konopnicka
Ignacy Jan Paderewski
Kazimierz Pułaski
Ludwik Zamenhof
Józef Zajączek
Jan Matejko
Stanisław Moniuszko
Konstanty Ildefons Gałczyński
Zygmunt Krasiński
Józef Ignacy Kraszewski
Wincenty Kraiński
Wincenty Witos
Mirosław Hermaszewski
Wisława Szymborska
Wojciech Jaruzelski
Władysław Sikorski
Władysław Raczkiewicz
Ignacy Mościcki
Emilia Plater
Stefan Wyszyński
Bolesław Prus
Piotr Skarga
Jan Paweł II
Mikołaj Kopernik
Jan III Sobieski
 
Statystyki odpowiedzi
Odpowiedź % Poprawnych
Miejsce urodzenia nie jest dokładnie znane, ale na pewno urodził się w dzisiejszej Białorusi. Adam Mickiewicz
51%
Urodził się w Zułowie, obecnie okręg wileński, Litwa. Józef Piłsudski
43%
Urodził się w Krzemieńcu, obecnie obw. tarnopolski, Ukraina. Juliusz Słowacki
28%
Urodziła się w Milkowszczyźnie, obecnie obw. grodzieński, Białoruś. Eliza Orzeszkowa
26%
Urodziła się w Wilnie. Emilia Plater
26%
Urodził się w Mereczowszczyźnie, obecnie obw. brzeski, Białoruś. Tadeusz Kościuszko
17%
Urodził się w Olesku, obecnie obw. lwowski, Ukraina. Jan III Sobieski
13%
Urodził się w Lipnikach, obecnie obw. rówieński, Ukraina. Mirosław Hermaszewski
13%
Urodził się w Turynce pod Lwowem. Stanisław Żółkiewski
11%
Urodził się w Wołczynie, obecnie obw. brzeski, Białoruś. Stanisław August Poniatowski
9%
Urodził się w Ubielu, obecnie obw. miński, Białoruś. Stanisław Moniuszko
9%
Urodził się w Kamieńcu Podolskim, obecnie obw. chmielnicki, Ukraina. Józef Zajączek
6%
Urodził się w Kuryłówce, obecnie obw. winnicki, Ukraina. Ignacy Jan Paderewski
4%
Nie znaleziono quizów pasujących do podanych kryteriów
Rozkład punktacji
Procent ludzi z każdym wynikiem
Percentyl według liczby udzielonych odpowiedzi
Twoja historia wyników
Nie rozwiązałeś tego quizu